[Event "FIDE World Uni Rapid-D 1st"]
[Site "Tornelo INT"]
[Date "2021.03.21"]
[Round "12"]
[White "Hernandez Rendon, Carlos A"]
[Black "Velo Arredondo, Alonso"]
[Result "1-0"]
[WhiteElo "1838"]
[BlackElo "2068"]
[PlyCount "97"]
[EventDate "2021.03.20"]
[EventType "swiss (rapid)"]
[EventRounds "12"]
[EventCountry "NET"]
[SourceTitle "EXT 2022"]
[Source "ChessBase"]
[SourceDate "2021.10.06"]
[SourceVersion "1"]
[SourceVersionDate "2021.10.06"]
[SourceQuality "1"]

1. e4 d6 2. d4 e5 3. Nf3 Bg4 4. dxe5 Nc6 5. exd6 Bxd6 6. Be2 Qe7 7. Nc3 0-0-0 8. Nd4 Bd7 9. 0-0 Nf6 10. Nxc6 Bxc6 11. Bd3 h5 12. Qf3 Ng4 13. h3 Nh2 14. Qf5+ Bd7 15. Qa5 Nxf1 16. Qxa7 c6 17. Kxf1 Bb8 18. Qb6 Bc7 19. Qa7 Qe5 20. Qa8+ Bb8 21. Be3 Be6 22. f4 Qf6 23. Na4 Kd7 24. Qxb7+ Ke8 25. Qxc6+ Kf8 26. f5 Bd7 27. Qxf6 gxf6 28. Nc5 Be5 29. Rb1 Kg7 30. b4 Bc6 31. b5 Rb8 32. c4 Rhd8 33. Ke2 Be8 34. a4 Ra8 35. Na6 Bd4 36. Bxd4 Rxd4 37. Nc7 Rad8 38. Nd5 Ra8 39. Rb4 Bxb5 40. axb5 Ra3 41. Nf4 Rd8 42. c5 Kh6 43. c6 Kg5 44. Nd5 Ra2+ 45. Ke3 Rxg2 46. c7 Ra8 47. b6 Rg3+ 48. Kd4 Ra3 49. Nc3 1-0

[Event "FIDE World Uni Rapid-D 1st"]
[Site "Tornelo INT"]
[Date "2021.03.21"]
[Round "10"]
[White "Velo Arredondo, Alonso"]
[Black "Eswaran, Ashritha"]
[Result "1/2-1/2"]
[WhiteElo "2068"]
[BlackElo "2244"]
[PlyCount "108"]
[EventDate "2021.03.20"]
[EventType "swiss (rapid)"]
[EventRounds "12"]
[EventCountry "NET"]
[SourceTitle "EXT 2022"]
[Source "ChessBase"]
[SourceDate "2021.10.06"]
[SourceVersion "1"]
[SourceVersionDate "2021.10.06"]
[SourceQuality "1"]

1. e4 c5 2. Nf3 a6 3. c3 d6 4. d4 Nf6 5. Bd3 g6 6. 0-0 Bg7 7. h3 0-0 8. Re1 Nc6 9. Nbd2 e5 10. dxc5 dxc5 11. Qe2 b5 12. Nf1 Bb7 13. Be3 c4 14. Bc2 Qc7 15. Rad1 Rad8 16. Bg5 Rd7 17. Ne3 Na5 18. Bxf6 Bxf6 19. Rxd7 Qxd7 20. Rd1 Qe6 21. Nd5 Bg7 22. Ng5 Qe8 23. Qe3 f6 24. Qb6 fxg5 25. Qxa5 Qf7 26. Qb6 h5 27. a4 bxa4 28. Bxa4 g4 29. hxg4 hxg4 30. Qe3 Kh7 31. Bd7 Bxd5 32. Rxd5 Qf4 33. Qxf4 Rxf4 34. Ra5 Rxe4 35. Kf1 Rf4 36. g3 Rf6 37. Bxg4 e4 38. Ke2 Rb6 39. Ra2 Bh6 40. Bh3 Rd6 41. Bg2 Rd2+ 42. Kf1 Rd1+ 43. Ke2 Rd2+ 44. Kf1 e3 45. fxe3 Bxe3 46. Bb7 a5 47. Ba6 Rf2+ 48. Ke1 Kh6 49. Bxc4 Rg2 50. Bf1 Rh2 51. Be2 Rh1+ 52. Bf1 Rh2 53. Be2 Rh1+ 54. Bf1 Rh2 1/2-1/2

[Event "FIDE World Uni Rapid-D 1st"]
[Site "Tornelo INT"]
[Date "2021.03.21"]
[Round "9"]
[White "Velo Arredondo, Alonso"]
[Black "Revita, Samantha Glo"]
[Result "1-0"]
[WhiteElo "2068"]
[BlackElo "1889"]
[PlyCount "57"]
[EventDate "2021.03.20"]
[EventType "swiss (rapid)"]
[EventRounds "12"]
[EventCountry "NET"]
[SourceTitle "EXT 2022"]
[Source "ChessBase"]
[SourceDate "2021.10.06"]
[SourceVersion "1"]
[SourceVersionDate "2021.10.06"]
[SourceQuality "1"]

1. e4 c5 2. Nf3 Nc6 3. c3 Nf6 4. e5 Nd5 5. g3 d6 6. exd6 Qxd6 7. Bg2 g6 8. 0-0 Bg7 9. d4 cxd4 10. Nxd4 Nxd4 11. cxd4 0-0 12. Nc3 Be6 13. Re1 Rfe8 14. Ne4 Qb4 15. Nc5 Bxd4 16. Nxe6 fxe6 17. Rxe6 Rad8 18. Qe2 Nf6 19. Be3 Bxe3 20. Rxe3 Rd2 21. Qe1 Rxb2 22. Qd1 b6 23. h3 Qd2 24. Qf3 Rf8 25. Rxe7 Rxa2 26. Qb3+ Kh8 27. Qxa2 Qd6 28. Qxa7 Qc5 29. Rf7 1-0

[Event "FIDE World Uni Rapid-D 1st"]
[Site "Tornelo INT"]
[Date "2021.03.20"]
[Round "5"]
[White "Pheng, Wissam"]
[Black "Velo Arredondo, Alonso"]
[Result "1/2-1/2"]
[WhiteElo "1739"]
[BlackElo "2068"]
[PlyCount "162"]
[EventDate "2021.03.20"]
[EventType "swiss (rapid)"]
[EventRounds "12"]
[EventCountry "NET"]
[SourceTitle "EXT 2022"]
[Source "ChessBase"]
[SourceDate "2021.10.06"]
[SourceVersion "1"]
[SourceVersionDate "2021.10.06"]
[SourceQuality "1"]

1. d4 Nf6 2. Nf3 e6 3. Bf4 b6 4. e3 Bb7 5. Bd3 Be7 6. Qe2 Nh5 7. Bg3 d6 8. c3 Nd7 9. Nbd2 h6 10. 0-0 0-0 11. e4 Nxg3 12. hxg3 e5 13. dxe5 Nxe5 14. Nxe5 dxe5 15. Rfd1 Bf6 16. Nf1 Qc8 17. Bc4 g6 18. Ne3 c6 19. Rd6 Be7 20. Rxg6+ Kh7 21. Rxh6+ Kxh6 22. Nf5+ Qxf5 23. exf5 Bf6 24. Qd2+ Kg7 25. Qd7 Bc8 26. Qxc6 Bxf5 27. Qf3 Bg6 28. Bd3 Rad8 29. Bxg6 fxg6 30. Rd1 Be7 31. Qe2 Rxd1+ 32. Qxd1 Bc5 33. Qd7+ Rf7 34. Qe6 Bxf2+ 35. Kf1 Bxg3+ 36. Ke2 Rf5 37. Kd3 Rf6 38. Qe7+ Rf7 39. Qe8 Rf8 40. Qa4 Rf7 41. Qb5 Re7 42. a4 e4+ 43. Ke3 Bh2 44. Qf1 Bd6 45. b4 Be5 46. Kxe4 Bxc3+ 47. Kd5 Bxb4 48. Qa1+ Kh7 49. Qf6 Bc5 50. Qh4+ Kg7 51. g4 Rd7+ 52. Kc6 Rd6+ 53. Kc7 a5 54. g5 Bb4 55. Qh6+ Kg8 56. Qh4 Kg7 57. Qe4 Kf7 58. Qc4+ Kg7 59. Qf4 Re6 60. Qd4+ Kh7 61. Qh4+ Kg7 62. Qh6+ Kg8 63. Kd7 Rd6+ 64. Ke8 Re6+ 65. Kd8 Rd6+ 66. Kc7 Bc5 67. Qh3 Kg7 68. Qf3 Bb4 69. Qe4 Bc5 70. Qe5+ Kf7 71. Qf4+ Ke7 72. Qe5+ Kf7 73. Qh8 Bb4 74. Qh7+ Kf8 75. Kc8 Bc5 76. Kc7 Bb4 77. Qh2 Ke7 78. Qe5+ Kf7 79. Qf4+ Ke7 80. Qe4+ Kf7 81. Qe5 Bc5 1/2-1/2

[Event "FIDE World Uni Blitz-D 1st"]
[Site "Tornelo INT"]
[Date "2021.03.13"]
[Round "3.2"]
[White "Velo Arredondo, Alonso"]
[Black "Theodorou, Nikolas"]
[Result "0-1"]
[WhiteElo "2068"]
[BlackElo "2554"]
[PlyCount "118"]
[EventDate "2021.03.13"]
[EventType "swiss (blitz)"]
[EventRounds "10"]
[EventCountry "NET"]
[SourceTitle "EXT 2022"]
[Source "ChessBase"]
[SourceDate "2021.10.06"]
[SourceVersion "1"]
[SourceVersionDate "2021.10.06"]
[SourceQuality "1"]

1. e4 b6 2. d4 Bb7 3. Bd3 d6 4. Nf3 Nd7 5. 0-0 e5 6. c3 Ngf6 7. Re1 g6 8. Nbd2 Bg7 9. Nf1 0-0 10. Ng3 Re8 11. Bd2 d5 12. exd5 Nxd5 13. dxe5 Nxe5 14. Nxe5 Bxe5 15. Bh6 Qh4 16. Qd2 Bf4 17. Bxf4 Nxf4 18. Bf1 h5 19. Qd7 Rxe1 20. Rxe1 Qd8 21. Qa4 Qg5 22. Ne4 Bxe4 23. Rxe4 Nh3+ 24. Kh1 Nxf2+ 25. Kg1 Nxe4 26. Qxe4 Rd8 27. Bc4 Qf6 28. Qe2 Kg7 29. h3 h4 30. Qc2 Rd7 31. Qe2 Re7 32. Qd2 Qd6 33. Qxd6 cxd6 34. Kf2 f5 35. Bd3 Kf6 36. a4 g5 37. Kf3 Re1 38. b4 Ra1 39. Bb5 Ra3 40. Kf2 Rxc3 41. a5 bxa5 42. bxa5 Rc5 43. Be2 Rxa5 44. Bf3 Rc5 45. Be2 a5 46. Bf3 a4 47. Be2 a3 48. Bf3 a2 49. Be2 a1N 50. Bf3 Nb3 51. Be2 Ke5 52. Bf3 Kf4 53. Be2 d5 54. Bf3 d4 55. Be2 Rc2 56. Kf1 Rb2 57. Ke1 Ke3 58. Kf1 Rb1+ 59. Bd1 Rxd1# 0-1

[Event "FIDE World Uni Blitz-D 1st"]
[Site "Tornelo INT"]
[Date "2021.03.13"]
[Round "5.27"]
[White "Velo Arredondo, Alonso"]
[Black "Xia, Xiangchen"]
[Result "1-0"]
[WhiteElo "2068"]
[BlackElo "2039"]
[PlyCount "47"]
[EventDate "2021.03.13"]
[EventType "swiss (blitz)"]
[EventRounds "10"]
[EventCountry "NET"]
[SourceTitle "EXT 2022"]
[Source "ChessBase"]
[SourceDate "2021.10.06"]
[SourceVersion "1"]
[SourceVersionDate "2021.10.06"]
[SourceQuality "1"]

1. e4 c6 2. d4 d5 3. Nc3 dxe4 4. Nxe4 Bf5 5. Ng3 Bg6 6. h4 h6 7. Nh3 e6 8. Nf4 Bh7 9. Bd3 Bxd3 10. Qxd3 Nf6 11. Bd2 Bd6 12. 0-0-0 Qc7 13. Ngh5 Nxh5 14. Nxh5 0-0 15. g4 Nd7 16. Ng3 Bf4 17. g5 Bxd2+ 18. Qxd2 hxg5 19. hxg5 e5 20. f4 Rfd8 21. Qh2 Kf8 22. Nf5 f6 23. g6 Nb6 24. Qh8# 1-0

[Event "Pan American Intercollegiate-chT"]
[Site "Chess.com INT"]
[Date "2021.01.06"]
[Round "8"]
[White "Baradaran, Arman"]
[Black "Velo Arredondo, Alonso"]
[Result "1-0"]
[WhiteElo "1980"]
[BlackElo "2068"]
[PlyCount "67"]
[EventDate "2021.01.04"]
[EventType "team-swiss (rapid)"]
[EventRounds "9"]
[EventCountry "USA"]
[SourceTitle "CBM 200 Extra"]
[Source "ChessBase"]
[SourceDate "2021.03.31"]
[SourceVersion "1"]
[SourceVersionDate "2021.03.31"]
[SourceQuality "1"]
[WhiteTeam "Berkeley California Univ III"]
[BlackTeam "Chihuahua"]
[WhiteTeamCountry "USA"]
[BlackTeamCountry "MEX"]

1. d4 Nf6 2. c4 e6 3. g3 d5 4. Nf3 b6 5. Bg2 Bb7 6. 0-0 dxc4 7. Nbd2 Be7 8. Re1 0-0 9. e4 c5 10. e5 Nd5 11. Nxc4 Nc6 12. a3 Rc8 13. dxc5 Bxc5 14. b4 Be7 15. Qb3 Qc7 16. Nd6 Bxd6 17. exd6 Qxd6 18. Bb2 Rfd8 19. Rad1 Qf8 20. h4 h6 21. Nd2 Rd7 22. Nc4 Rcd8 23. b5 Na5 24. Nxa5 bxa5 25. Rd4 Nb6 26. Rg4 g6 27. Bxb7 Rxb7 28. Rxe6 Kh7 29. h5 g5 30. Qc2+ f5 31. Rf6 Rf7 32. Qxf5+ Kg8 33. Rg6+ Kh7 34. Rg7+ 1-0

[Event "MEX-ch U26"]
[Site "Merida"]
[Date "2019.05.17"]
[Round "6"]
[White "Velo Arredondo, Alonso"]
[Black "Molina Mendoza, Omar"]
[Result "1/2-1/2"]
[WhiteElo "2060"]
[BlackElo "2174"]
[PlyCount "20"]
[EventDate "2019.05.12"]
[EventType "swiss"]
[EventRounds "6"]
[EventCountry "MEX"]
[SourceTitle "EXT 2020"]
[Source "ChessBase"]
[SourceDate "2019.10.17"]
[SourceVersion "1"]
[SourceVersionDate "2019.10.17"]
[SourceQuality "1"]

1. e4 e5 2. d4 d5 3. Bd3 c5 4. exd5 exd4 5. Nf3 c4 6. Be2 Nf6 7. 0-0 Be7 8. b3 cxb3 9. axb3 0-0 10. c4 Nc6 1/2-1/2

[Event "MEX-ch U26"]
[Site "Merida"]
[Date "2019.05.16"]
[Round "5"]
[White "Diaz Rosas, Jose Martin"]
[Black "Velo Arredondo, Alonso"]
[Result "0-1"]
[WhiteElo "1646"]
[BlackElo "2060"]
[PlyCount "70"]
[EventDate "2019.05.12"]
[EventType "swiss"]
[EventRounds "6"]
[EventCountry "MEX"]
[SourceTitle "EXT 2020"]
[Source "ChessBase"]
[SourceDate "2019.10.17"]
[SourceVersion "1"]
[SourceVersionDate "2019.10.17"]
[SourceQuality "1"]

1. e4 e5 2. Nf3 Nc6 3. Bb5 a6 4. Ba4 Nf6 5. 0-0 Be7 6. Re1 b5 7. Bb3 0-0 8. a4 b4 9. d3 d6 10. h3 Na5 11. Ba2 c5 12. Nbd2 Be6 13. Bb1 Nd7 14. Nf1 f5 15. exf5 Rxf5 16. Ng3 Rf8 17. Ne4 h6 18. Qe2 d5 19. Ng3 Bd6 20. Ba2 Nc6 21. c3 Qf6 22. Bd2 Rab8 23. cxb4 Nxb4 24. Bxb4 Rxb4 25. Rad1 Rxa4 26. Bb1 Rb4 27. Qc2 Rfb8 28. d4 cxd4 29. Qh7+ Kf8 30. Nh5 Qf7 31. Nh4 Qxh5 32. Ng6+ Kf7 33. g4 Bxg4 34. Nh4 e4 35. Bxe4 dxe4 0-1